| 000 | 00000nam 2200000zi 4500 |
| 001 | 9.930748 |
| 003 | CaOODSP |
| 005 | 20250110151613 |
| 006 | m o d f |
| 007 | cr |n||||||||| |
| 008 | 231122e199810##qucdb ob f|0| 0 fre d |
| 040 | |aCaOODSP|bfre|erda|cCaOODSP |
| 043 | |an-cn--- |
| 086 | 1 |aCW66-1374/1998F-PDF |
| 100 | 1 |aFilion, Bernard, |eauteur. |
| 245 | 13|aLa déprédation de l'oie des neiges au printemps 1997 sur des prairies de plantes fourragères en 2ème et 3ème année de production : |bmise en oeuvre et suivi de certains éléments du Plan d'action sur la gestion intégrée de la Grande Oie des neiges / |cBernard Filion et Guy Allard. |
| 264 | 1|a[Québec] : |bCanards Illimités Canada ; Environnement Canada, |coctobre 1998. |
| 300 | |a1 ressource en ligne (x, 55 pages) : |bcartes, graphiques |
| 336 | |atexte|btxt|2rdacontent/fre |
| 337 | |ainformatique|bc|2rdamedia/fre |
| 338 | |aressource en ligne|bcr|2rdacarrier/fre |
| 500 | |aÉdition numérisée de l’imprimé [par Environnement et changement climatique Canada]. |
| 504 | |aComprend des références bibliographiques (pages 54-55). |
| 650 | 6|aDéprédations des animaux sauvages|zQuébec (Province) |
| 650 | 6|aOiseaux nuisibles|zQuébec (Province) |
| 650 | 6|aOie des neiges|zQuébec (Province) |
| 650 | 0|aWildlife depredation|zQuébec (Province) |
| 650 | 0|aBird pests|zQuébec (Province) |
| 650 | 0|aSnow goose|zQuébec (Province) |
| 710 | 1 |aCanada. |bEnvironnement Canada, |eorganisme de publication. |
| 710 | 2 |aCanards illimités Canada, |eorganisme de publication. |
| 856 | 40|qPDF|s2.53 Mo|uhttps://publications.gc.ca/collections/collection_2025/eccc/cw66/CW66-1374-1998-fra.pdf |